000 00649cam a2200217 4500
001 WB3606-07
008 000000n2000 000 0 eng u
035 _a(Sirsi) u104101
245 _aFirst e-business park
260 _c2000
490 _aFinancial Times
_v7 February 2000, 3(1)
520 _aAn e-business park has opened in Pembrokeshire, west Wales. The park has been developed by Manpower and is aimed at internet companies.
590 _aWB
650 _aE-COMMERCE
650 _aINTERNET SERVICES
650 _aMANPOWER
650 _aWALES
650 _aBUSINESS PARKS
690 _aPROPERTY-COMMERCIAL PROPERTY
942 _n0
999 _c62476
_d62476